Sams teach yourself Arduino programming in 24 hours / (Record no. 19730)
[ view plain ]
| 000 -LEADER | |
|---|---|
| fixed length control field | 00777cam a22002415a 4500 |
| 001 - CONTROL NUMBER | |
| control field | 17945428 |
| 005 - DATE AND TIME OF LATEST TRANSACTION | |
| control field | 20151011133030.0 |
| 008 - FIXED-LENGTH DATA ELEMENTS--GENERAL INFORMATION | |
| fixed length control field | 131118t2015 inua fr 001 0 eng d |
| 020 ## - INTERNATIONAL STANDARD BOOK NUMBER | |
| International Standard Book Number | 9780672337123 |
| 020 ## - INTERNATIONAL STANDARD BOOK NUMBER | |
| International Standard Book Number | 0672337126 |
| 040 ## - CATALOGING SOURCE | |
| Original cataloging agency | DLC |
| Language of cataloging | eng |
| Transcribing agency | DLC |
| Modifying agency | EG-ScBUE |
| 082 04 - DEWEY DECIMAL CLASSIFICATION NUMBER | |
| Edition number | 22 |
| Item number | BLU |
| Classification number | 629.8955133 |
| 100 1# - MAIN ENTRY--PERSONAL NAME | |
| Personal name | Blum, Richard, |
| 9 (RLIN) | 27415 |
| Dates associated with a name | 1962- |
| 245 10 - TITLE STATEMENT | |
| Title | Sams teach yourself Arduino programming in 24 hours / |
| Statement of responsibility, etc | Richard Blum. |
| 260 ## - PUBLICATION, DISTRIBUTION, ETC. (IMPRINT) | |
| Place of publication, distribution, etc | Indiana : |
| Name of publisher, distributor, etc | SAMS / Pearson education , |
| Date of publication, distribution, etc | c.2015. |
| 300 ## - PHYSICAL DESCRIPTION | |
| Extent | ix, 419 p. : |
| Other physical details | ill. ; |
| Dimensions | 24 cm. |
| 500 ## - GENERAL NOTE | |
| General note | Index : p. 403-419. |
| 650 #7 - SUBJECT ADDED ENTRY--TOPICAL TERM | |
| Source of heading or term | BUEsh |
| 9 (RLIN) | 36257 |
| Topical term or geographic name as entry element | Arduino (Programmable controller) |
| 650 #0 - SUBJECT ADDED ENTRY--TOPICAL TERM | |
| 9 (RLIN) | 3405 |
| Topical term or geographic name as entry element | C (Computer program language) |
| Source of heading or term | BUEsh |
| 651 ## - SUBJECT ADDED ENTRY--GEOGRAPHIC NAME | |
| Source of heading or term | BUEsh |
| 653 ## - INDEX TERM--UNCONTROLLED | |
| Resource For college | Communication and mass media |
| Arrived date list | June2015 |
| -- | October2015 |
| 942 ## - ADDED ENTRY ELEMENTS (KOHA) | |
| Source of classification or shelving scheme | Dewey Decimal Classification |
| Withdrawn status | Lost status | Source of classification or shelving scheme | Damaged status | Not for loan | Koha collection | Home library | Current library | Shelving location | Date acquired | Source of acquisition | Cost, normal purchase price | Serial Enumeration / chronology | Total Checkouts | Total Renewals | Full call number | Barcode | Date last seen | Date last borrowed | Cost, replacement price | Koha item type |
|---|---|---|---|---|---|---|---|---|---|---|---|---|---|---|---|---|---|---|---|---|
| Dewey Decimal Classification | Alahram | Central Library | Central Library | First floor | 17/06/2015 | Purchase | 225.00 | 324 | 7 | 43 | 629.8955133 BLU | 000038587 | 16/12/2025 | 22/06/2022 | 281.25 | Book - Borrowing |